Lettere luterane /
Guardat en:
| Autor principal: | |
|---|---|
| Format: | Llibre |
| Idioma: | italià |
| Publicat: |
Torino :
Einaudi,
1981
|
| Edició: | 2. ed |
| Col·lecció: | Gli struzzi ;
216 |
| Matèries: | |
| Etiquetes: |
Sense etiquetes, Sigues el primer a etiquetar aquest registre!
|
MARC
| LEADER | 00000nam a22000007i 4500 | ||
|---|---|---|---|
| 001 | IT\ICCU\FER\0102085 | ||
| 003 | ItRI | ||
| 005 | 20260115232335.0 | ||
| 008 | 940217s1981 it |||||| ||||| |||||c | ||
| 040 | |b ita |c importazione bologna sebina | ||
| 041 | 7 | |a ita |2 ISO-639-2 | |
| 082 | |a 945.0927 |9 STORIA D'ITALIA. 1970-1979 |2 19 | ||
| 100 | 1 | |a Pasolini, Pier Paolo |0 IT\ICCU\CFIV\001068 |4 aut | |
| 245 | 1 | 0 | |a Lettere luterane / |c Pier Paolo Pasolini. |
| 250 | |a 2. ed | ||
| 260 | |a Torino : |b Einaudi, |c 1981 | ||
| 300 | |a 210 p. ; |c 20 cm | ||
| 650 | 7 | |a Società |x Italia |x 1975 | |
| 830 | 4 | |a Gli struzzi ; |v 216 |0 IT\ICCU\CFI\0000238 | |
| 942 | |2 ddc |c BK |n 0 | ||
| 952 | |0 0 |1 0 |4 0 |6 DOC_858_914000000000000_PAS |7 0 |9 24449 |a BO |b BO |d 2026-01-15 |i 200 |l 0 |o DOC 858.914 PAS |p BO200 |r 2026-01-15 23:23:35 |w 2026-01-15 |x [Sebina 5] [1 v.] |y BK |z 1 v. | ||
| 999 | |c 20813 |d 20813 | ||